| 000 | 00561nam a22001817a 4500 | ||
|---|---|---|---|
| 003 | OSt | ||
| 005 | 20260415055904.0 | ||
| 008 | 260415b |||||||| |||| 00| 0 eng d | ||
| 020 | _a9710843974 | ||
| 040 |
_aDWCL GS lib _cOC |
||
| 082 | _aRes.(Fil.) 808.81 N794t 1989 | ||
| 100 | _aNolledo, N. Jose | ||
| 245 |
_aMga Tulang Pambata : _bMay Mga Gintong Aral / _cJose N. Nolledo |
||
| 260 |
_aMandaluyong City _bNational Book Store _cc1899. |
||
| 300 |
_avii, 84 pages: _billustrations _c21cm. |
||
| 546 | _aFilipino | ||
| 942 |
_2ddc _cBK-0 CIRC _hRes.(Fil) _n0 |
||
| 999 |
_c9449 _d9449 |
||